Loading...
| Mythology | 0 | 5 | 0 | 1 | 50 | 56 | 119.40 | 0 | 0 |
| Science - Physics | 0 | 5 | 1 | 1 | 45 | 83 | 115.40 | 0 | 1 |
| Other Academic | 0 | 3 | 0 | 0 | 30 | 97 | 110.33 | 0 | 0 |
| History - World History | 0 | 3 | 1 | 2 | 25 | 117 | 126.67 | 0 | 0 |
| Science - Other Science | 0 | 3 | 1 | 0 | 25 | 72 | 106.00 | 0 | 1 |
| Fine Arts - Other Fine Arts | 0 | 2 | 0 | 1 | 20 | 121 | 128.50 | 0 | 1 |
| Any History | 0 | 2 | 0 | 1 | 20 | 102 | 122.50 | 0 | 1 |
| History - American History | 0 | 2 | 0 | 1 | 20 | 127 | 133.00 | 0 | 0 |
| Social Science | 0 | 1 | 0 | 0 | 10 | 120 | 120.00 | 0 | 0 |
| Current Events | 0 | 1 | 0 | 0 | 10 | 129 | 129.00 | 0 | 0 |
| Literature - World Literature | 0 | 1 | 0 | 0 | 10 | 130 | 130.00 | 0 | 0 |
| Science - Chemistry | 0 | 1 | 0 | 0 | 10 | 126 | 126.00 | 0 | 0 |
| History - European History | 0 | 1 | 1 | 0 | 5 | 123 | 123.00 | 0 | 0 |
| Geography | 0 | 1 | 1 | 0 | 5 | 85 | 85.00 | 0 | 1 |
| Science - Biology | 0 | 0 | 1 | 0 | -5 | 0.00 | 0 | 0 |